00000000nas 2200000zi 4500
0019.945527
003CaOODSP
00520251124134752
006m     o  d f      
007cr cn ||||||||
008241125c20249999oncar p o    f0    0eng|d
040 |aCaOODSP|beng|erda|cCaOODSP
043 |an-cn---
0861 |aT35-2/1-2E-PDF
1102 |aShip and Rail Compensation Canada. |bRail Fund, |eauthor, |eissuing body.
24510|aAnnual report / |cShip and Rail Compensation Canada – Rail Fund.
264 1|aOttawa, ON, Canada : |bAdministrator of the Ship and Rail Compensation Canada – Rail Fund, |c[2024]-
310 |aAnnual
336 |atext|btxt|2rdacontent
337 |acomputer|bc|2rdamedia
338 |aonline resource|bcr|2rdacarrier
3621 |aBegan with: 2023/2024.
500 |aIssued also in French under title: Rapport annuel.
500 |aAnnual report is submitted to the Minister of Transport.
588 |aDescription based on: 2023/2024; title from PDF cover page.
588 |aLatest issue consulted: 2023/2024.
61020|aShip and Rail Compensation Canada. |bRail Fund|vPeriodicals.
650 0|aLiability for railroad accidents|zCanada|vPeriodicals.
650 0|aOil spills|zCanada|xClaims|vPeriodicals.
655 7|aPeriodicals|2lcgft
77508|tRapport annuel / |w(CaOODSP)9.945528
78000|tThe Administrator's annual report / |w(CaOODSP)9.862830